Library Banner

RealAge : (Record no. 90057)

MARC details
000 -LEADER
fixed length control field 00525nam a22001817a 4500
005 - DATE AND TIME OF LATEST TRANSACTION
control field 20170213115342.0
008 - FIXED-LENGTH DATA ELEMENTS--GENERAL INFORMATION
fixed length control field 170111b xxu||||| |||| 00| 0 eng d
020 ## - INTERNATIONAL STANDARD BOOK NUMBER
International Standard Book Number 0060191341
040 ## - CATALOGING SOURCE
Transcribing agency PK-LaUMT
082 ## - DEWEY DECIMAL CLASSIFICATION NUMBER
Classification number 613.0434
Item number ROI-R
100 ## - MAIN ENTRY--PERSONAL NAME
Personal name Roizen, Michael F.
245 ## - TITLE STATEMENT
Title RealAge :
Remainder of title are you as young as you can be?
Statement of responsibility, etc Michael F. Roizen and Elizabeth Anne Stephenson
260 ## - PUBLICATION, DISTRIBUTION, ETC. (IMPRINT)
Place of publication, distribution, etc New York :
Name of publisher, distributor, etc Cliff Street Books,
Date of publication, distribution, etc 1999
300 ## - PHYSICAL DESCRIPTION
Extent 335 p.
650 ## - SUBJECT ADDED ENTRY--TOPICAL TERM
Topical term or geographic name as entry element Aging compugter programs
650 ## - SUBJECT ADDED ENTRY--TOPICAL TERM
Topical term or geographic name as entry element RealAge
942 ## - ADDED ENTRY ELEMENTS (KOHA)
Koha item type Books
Holdings
Withdrawn status Lost status Damaged status Home library Current library Date acquired Full call number Barcode Date last seen Price effective from Koha item type
      UMT Main Campus UMT Main Campus 2017-01-11 613.0434 ROI-R 105020 2017-01-11 2017-01-11 Books